<?xml version="1.0" encoding="UTF-8"?><?xml-stylesheet type="text/xsl" href="static/style.xsl"?><OAI-PMH xmlns="http://www.openarchives.org/OAI/2.0/" xmlns:xsi="http://www.w3.org/2001/XMLSchema-instance" xsi:schemaLocation="http://www.openarchives.org/OAI/2.0/ http://www.openarchives.org/OAI/2.0/OAI-PMH.xsd"><responseDate>2026-04-29T04:10:05Z</responseDate><request verb="GetRecord" identifier="oai:repisalud.isciii.es:20.500.12105/10745" metadataPrefix="marc">https://repisalud.isciii.es/rest/oai/request</request><GetRecord><record><header><identifier>oai:repisalud.isciii.es:20.500.12105/10745</identifier><datestamp>2024-05-21T11:02:20Z</datestamp><setSpec>com_20.500.12105_2203</setSpec><setSpec>com_20.500.12105_2202</setSpec><setSpec>col_20.500.12105_19505</setSpec><setSpec>col_20.500.12105_19585</setSpec></header><metadata><record xmlns="http://www.loc.gov/MARC21/slim" xmlns:dcterms="http://purl.org/dc/terms/" xmlns:doc="http://www.lyncode.com/xoai" xmlns:xsi="http://www.w3.org/2001/XMLSchema-instance" xsi:schemaLocation="http://www.loc.gov/MARC21/slim http://www.loc.gov/standards/marcxml/schema/MARC21slim.xsd">
   <leader>00925njm 22002777a 4500</leader>
   <datafield ind2=" " ind1=" " tag="042">
      <subfield code="a">dc</subfield>
   </datafield>
   <datafield ind2=" " ind1=" " tag="720">
      <subfield code="a">Instituto de Salud Carlos III. Centro Nacional de Epidemiología</subfield>
      <subfield code="e">author</subfield>
   </datafield>
   <datafield ind2=" " ind1=" " tag="260">
      <subfield code="c">2015-12-06</subfield>
   </datafield>
   <datafield ind2=" " ind1=" " tag="520">
      <subfield code="a">La actividad gripal se encuentra en valores propios del periodo pre-epidémico. En la semana 49/2015 la
tasa global de incidencia de gripe es de 15,14 casos por 100.000 habitantes.
De las 60 muestras centinela enviadas para confirmación virológica, ninguna ha sido positiva para el
virus de la gripe.
La tasa de detección de VRS es del 34% y continúa en aumento desde la semana 44/2015.
En la semana 49/2015 se han notificado tres casos graves hospitalizados confirmados de gripe
(CGHCG), uno perteneciente a esta semana, y dos a la semana 47/2015. Desde el inicio de la temporada se han notificado seis CGHCG [tres A no subtipados y 3 B].
A nivel mundial, la actividad gripal disminuyó o se mantuvo baja en ambos hemisferios. En los países del
hemisferio norte, la actividad gripal se mantuvo baja, con niveles propios de inter-temporada y detecciones esporádicas de virus.</subfield>
   </datafield>
   <datafield ind1="8" ind2=" " tag="024">
      <subfield code="a">http://hdl.handle.net/20.500.12105/10745</subfield>
   </datafield>
   <datafield tag="653" ind2=" " ind1=" ">
      <subfield code="a">Gripe</subfield>
   </datafield>
   <datafield tag="653" ind2=" " ind1=" ">
      <subfield code="a">Vigilancia Epidemiológica</subfield>
   </datafield>
   <datafield ind2="0" ind1="0" tag="245">
      <subfield code="a">Informe semanal de Vigilancia de la Gripe en España Semana 49/2015 (30 de noviembre - 6 de diciembre 2015) Nº 449. 10 de diciembre de 2015</subfield>
   </datafield>
</record></metadata></record></GetRecord></OAI-PMH>